[Event "II Open FIDE"]
[Site "Forli' ITA"]
[Date "1989.06.17"]
[Round "1"]
[White "Bartsch, Berthold"]
[Black "Yermolinsky, Alex"]
[WhiteElo "2275"]
[BlackElo "2480"]
[Result "0-1"]
[PlyCount "68"]
[EventDate "1989.06.17"]

1. e4 c5 2. Nc3 e6 3. g3 d5 4. Bg2 d4 5. Nce2 Nc6 6. d3 Be7 7. f4 h5 8. h3 b6
9. Nf3 Bb7 10. O-O Qd7 11. Bd2 O-O-O 12. a3 a5 13. Ne5 Nxe5 14. fxe5 Rf8 15. b4
h4 16. bxa5 bxa5 17. g4 Bd8 18. Qe1 Ne7 19. Bxa5 Nc6 20. Bxd8 Rxd8 21. Rb1 Qc7
22. Rb5 Na7 23. Rb2 Rd7 24. Qd2 Nc6 25. Rfb1 Qxe5 26. Rb5 Rhd8 27. a4 Ba6 28.
Rb6 Nb4 29. R1xb4 cxb4 30. Rxa6 Kb7 31. Rxe6 fxe6 32. Qxb4+ Ka7 33. a5 Rb8 34.
Qa4 Rb1+ 0-1

[Event "II Open FIDE"]
[Site "Forli' ITA"]
[Date "1989.06.17"]
[Round "1"]
[White "Caposciutti, Maurizio"]
[Black "Garcia Palermo, Carlos Horacio"]
[WhiteElo "2265"]
[BlackElo "2470"]
[Result "1/2-1/2"]
[PlyCount "95"]
[EventDate "1989.06.17"]

1. e4 c6 2. c4 d5 3. exd5 cxd5 4. cxd5 Nf6 5. Nc3 Nxd5 6. Nf3 e6 7. d4 Be7 8.
Bd3 Nc6 9. O-O O-O 10. Re1 Bf6 11. Be4 Qd6 12. Bg5 h6 13. Bxf6 Nxf6 14. Bxc6
Qxc6 15. Rc1 Qb6 16. Qe2 Bd7 17. Red1 Rad8 18. Ne5 Bc8 19. Qb5 Qxb5 20. Nxb5 a6
21. Nc3 Rfe8 22. h3 Re7 23. Na4 Nd5 24. Nc3 Nf4 25. Kh2 f6 26. Nc4 Rc7 27. Ne3
b5 28. g3 Ng6 29. Ne4 Rxc1 30. Rxc1 Ne7 31. Rc7 Kf8 32. Nc5 Ke8 33. Nb3 Rd7 34.
Rc3 Kd8 35. Nc2 Rc7 36. Nc5 Nd5 37. Ra3 Rc6 38. Ne3 Nc7 39. Rd3 Ke7 40. Kg2 e5
41. Nb3 Rd6 42. Rc3 Kd8 43. dxe5 fxe5 44. Na5 Nd5 45. Nxd5 Rxd5 46. Nc6+ Kd7
47. Nb8+ Kd8 48. Nc6+ 1/2-1/2

[Event "II Open FIDE"]
[Site "Forli' ITA"]
[Date "1989.06.17"]
[Round "1"]
[White "Djuric, Stefan"]
[Black "De Eccher, Stefano"]
[WhiteElo "2475"]
[BlackElo "2270"]
[Result "1-0"]
[PlyCount "79"]
[EventDate "1989.06.17"]

1. e4 c5 2. Nf3 d6 3. Nc3 Nf6 4. e5 dxe5 5. Nxe5 e6 6. Bb5+ Nbd7 7. d4 a6 8.
Bxd7+ Nxd7 9. Qh5 g6 10. Qf3 Nxe5 11. dxe5 Bg7 12. Ne4 Bxe5 13. Bg5 Qa5+ 14.
Bd2 Qa4 15. O-O O-O 16. Rfe1 Qc6 17. Nf6+ Bxf6 18. Qxf6 e5 19. Qxc6 bxc6 20.
Rxe5 c4 21. Rc5 Rd8 22. Bc3 Bf5 23. Rxc6 Bxc2 24. Rxc4 Bd3 25. Rc5 Rdc8 26.
Rxc8+ Rxc8 27. Rd1 Bc4 28. a3 Bb5 29. f3 f5 30. Rd6 Kf7 31. Kf2 Ke7 32. Rb6 Kd7
33. a4 Bc4 34. Be5 Rc6 35. Rb7+ Ke6 36. Bf4 h5 37. Ke3 Kd5 38. b3 Bf1 39. Kf2
Bd3 40. Rd7+ 1-0

[Event "II Open FIDE"]
[Site "Forli' ITA"]
[Date "1989.06.17"]
[Round "1"]
[White "Kosten, Anthony C."]
[Black "Pastorini, Mario"]
[WhiteElo "2505"]
[BlackElo "2305"]
[Result "1-0"]
[PlyCount "37"]
[EventDate "1989.06.17"]

1. e4 c5 2. Nf3 e6 3. d4 cxd4 4. Nxd4 Nf6 5. Nc3 d6 6. Bd3 Be7 7. O-O O-O 8. f4
Nc6 9. Nf3 Nb4 10. a3 Nxd3 11. cxd3 b6 12. b4 Bb7 13. Bb2 Ne8 14. Rc1 f5 15.
Qb3 fxe4 16. Qxe6+ Kh8 17. Nxe4 Rxf4 18. g3 Bxe4 19. dxe4 1-0

[Event "II Open FIDE"]
[Site "Forli' ITA"]
[Date "1989.06.17"]
[Round "1"]
[White "Martorelli, Antonio"]
[Black "Forintos, Gyozo Victor"]
[WhiteElo "2250"]
[BlackElo "2390"]
[Result "0-1"]
[PlyCount "64"]
[EventDate "1989.06.17"]

1. e4 c5 2. Nf3 g6 3. d4 Bg7 4. dxc5 Qa5+ 5. Nc3 Nf6 6. Bd3 Nc6 7. O-O Qxc5 8.
Be3 Qa5 9. Nd2 d6 10. Nb3 Qd8 11. h3 a6 12. Qd2 O-O 13. f4 b5 14. Nd5 Be6 15.
Nb6 Rb8 16. f5 Bxb3 17. axb3 Rxb6 18. g4 Ne5 19. g5 Nfd7 20. h4 Rc6 21. h5 gxh5
22. Kh1 Ng4 23. Bg1 Nde5 24. Qg2 f6 25. g6 hxg6 26. fxg6 Qe8 27. Rf3 Qxg6 28.
Rg3 Rfc8 29. Bd4 Nxd3 30. cxd3 Rc2 31. Qf3 Qg5 32. Rf1 Qh4+ 0-1

[Event "II Open FIDE"]
[Site "Forli' ITA"]
[Date "1989.06.17"]
[Round "1"]
[White "Michalet, Guy"]
[Black "Belotti, Bruno"]
[WhiteElo "2215"]
[BlackElo "2350"]
[Result "0-1"]
[PlyCount "76"]
[EventDate "1989.06.17"]

1. Nf3 Nf6 2. c4 g6 3. d4 Bg7 4. g3 O-O 5. Bg2 d6 6. O-O Nc6 7. d5 Na5 8. Nbd2
c5 9. a3 b5 10. b4 Nxc4 11. Nxc4 bxc4 12. Bb2 Rb8 13. Bc3 Bb7 14. Ne1 Nd7 15.
Bxg7 Kxg7 16. Nc2 Qb6 17. Qd2 Ne5 18. h3 Bc8 19. Qc3 Kg8 20. Kh2 a5 21. Rab1
axb4 22. axb4 cxb4 23. Rxb4 Qc7 24. f4 Nd7 25. Ne3 Ba6 26. Ng4 f6 27. Rxb8 Rxb8
28. Qe3 Nf8 29. f5 g5 30. h4 Rb3 31. Qe4 gxh4 32. Nh6+ Kg7 33. Qxh4 c3 34. Rf4
Bxe2 35. Ng4 c2 36. Re4 c1=Q 37. Rxe2 Qg5 38. Qh3 h5 0-1

[Event "II Open FIDE"]
[Site "Forli' ITA"]
[Date "1989.06.17"]
[Round "1"]
[White "Nikolic, Stanimir"]
[Black "Vaisser, Anatoly V."]
[WhiteElo "2320"]
[BlackElo "2525"]
[Result "0-1"]
[PlyCount "80"]
[EventDate "1989.06.17"]

1. d4 Nf6 2. c4 c5 3. d5 b5 4. cxb5 a6 5. e3 axb5 6. Bxb5 Qa5+ 7. Nc3 Bb7 8.
Bc4 e6 9. Bd2 Qb6 10. e4 Nxe4 11. Nge2 Nf6 12. Nf4 Na6 13. O-O Nc7 14. Re1 Be7
15. b3 exd5 16. Bd3 d4 17. Na4 Qc6 18. Qe2 Ne6 19. Bb5 Qd6 20. Nxe6 fxe6 21.
Qxe6 Qxe6 22. Rxe6 Kf7 23. Re5 d6 24. Bc4+ d5 25. Bb5 Ne4 26. Be1 Bf6 27. Rf5
Nd6 28. Nxc5 Nxf5 29. Nxb7 d3 30. Rd1 Rxa2 31. Bxd3 Nd4 32. b4 Rha8 33. Na5 Rb8
34. Bf1 Nc2 35. Nc6 Re8 36. Bd2 Na3 37. Na5 g6 38. g3 Rc8 39. Bf4 Be7 40. Nb7
Nc4 0-1

[Event "II Open FIDE"]
[Site "Forli' ITA"]
[Date "1989.06.17"]
[Round "1"]
[White "Pavlovic, Milos"]
[Black "Raiano, Andrea"]
[WhiteElo "2375"]
[BlackElo "2240"]
[Result "1-0"]
[PlyCount "67"]
[EventDate "1989.06.17"]

1. Nf3 g6 2. g3 f5 3. Bg2 Nf6 4. O-O Bg7 5. d4 O-O 6. c3 c6 7. Nbd2 Qc7 8. Re1
d5 9. Nb3 Nh5 10. Nc5 Qd6 11. Nd3 Nd7 12. Qb3 b6 13. c4 e6 14. Bd2 a5 15. Rac1
Bb7 16. Nde5 Bxe5 17. dxe5 Nxe5 18. Nxe5 Qxe5 19. Qxb6 Rf7 20. cxd5 exd5 21.
Bxa5 Nf6 22. Bc3 Qe7 23. a3 Ra6 24. Qb3 Ne8 25. Qd1 Ng7 26. a4 Ne6 27. b4 Ra8
28. Qb3 f4 29. Be5 fxg3 30. hxg3 Rf5 31. Bb2 Rh5 32. e4 d4 33. Bxd4 Qf7 34. Bb2
1-0

[Event "II Open FIDE"]
[Site "Forli' ITA"]
[Date "1989.06.17"]
[Round "1"]
[White "Pozzi, Enrico"]
[Black "Meduna, Eduard"]
[WhiteElo "2295"]
[BlackElo "2485"]
[Result "0-1"]
[PlyCount "58"]
[EventDate "1989.06.17"]

1. e4 c6 2. d4 d5 3. exd5 cxd5 4. Nc3 Nf6 5. Nf3 Nc6 6. Bb5 Bg4 7. h3 Bxf3 8.
Qxf3 e6 9. O-O Be7 10. Be3 O-O 11. Bxc6 bxc6 12. Ne2 a5 13. Nf4 a4 14. Nd3 Nd7
15. Rad1 Qb6 16. c3 Rfc8 17. Rfe1 Qd8 18. Qe2 Bd6 19. c4 dxc4 20. Ne5 Bxe5 21.
dxe5 Qc7 22. Rd4 c5 23. Re4 a3 24. Qh5 axb2 25. Rh4 Nf8 26. Rg4 Ng6 27. Rxc4
Rxa2 28. Rxc5 Ra1 29. Qe2 b1=Q 0-1

[Event "II Open FIDE"]
[Site "Forli' ITA"]
[Date "1989.06.17"]
[Round "1"]
[White "Santolini, Luigi"]
[Black "Polaczek, Richard"]
[WhiteElo "2235"]
[BlackElo "2375"]
[Result "1-0"]
[PlyCount "103"]
[EventDate "1989.06.17"]

1. d4 Nf6 2. c4 e6 3. Nf3 d5 4. Nc3 Be7 5. Bg5 h6 6. Bh4 O-O 7. e3 b6 8. cxd5
Nxd5 9. Bxe7 Qxe7 10. Nxd5 exd5 11. Rc1 Be6 12. Qa4 c5 13. Qa3 Rc8 14. Be2 Kf8
15. dxc5 bxc5 16. O-O Nd7 17. Rfd1 Rcb8 18. b3 a5 19. Ne1 a4 20. bxa4 c4 21.
Qxe7+ Kxe7 22. e4 dxe4 23. Bxc4 Rc8 24. Bxe6 Kxe6 25. Rxc8 Rxc8 26. f3 f5 27.
fxe4 fxe4 28. Rd4 Nf6 29. a5 Ke5 30. Ra4 Nd5 31. a6 Nc3 32. Ra5+ Kd4 33. a7 Ra8
34. Kf2 e3+ 35. Kf3 e2 36. Kf2 Kc4 37. h4 Kb4 38. Ra6 Kb5 39. Ra3 Kc4 40. h5
Kd4 41. Ra6 Kc5 42. Ke3 Kb5 43. Ra3 Kc4 44. Nf3 Re8+ 45. Kf2 Ra8 46. Ke1 Nb5
47. Ra4+ Kc5 48. Ra6 Nc3 49. Kd2 Kb5 50. Rg6 Rxa7 51. Kxc3 Ra3+ 52. Kd2 1-0

[Event "II Open FIDE"]
[Site "Forli' ITA"]
[Date "1989.06.17"]
[Round "1"]
[White "Tatai, Stefano"]
[Black "Valenti, Giuseppe"]
[WhiteElo "2395"]
[BlackElo "2255"]
[Result "1-0"]
[PlyCount "87"]
[EventDate "1989.06.17"]

1. d4 e6 2. e4 c5 3. d5 exd5 4. exd5 d6 5. c4 Nf6 6. Nc3 Be7 7. h3 O-O 8. Bd3
Nbd7 9. Nf3 a6 10. a4 Re8 11. O-O Nf8 12. Ng5 Bd7 13. a5 Qc7 14. Bd2 h6 15. Nf3
b6 16. axb6 Qxb6 17. Qc2 Reb8 18. Rfe1 Qd8 19. Nd1 Bc8 20. Ba5 Qd7 21. Ne3 N8h7
22. Rab1 Bf8 23. b4 Qa7 24. bxc5 Qxc5 25. Qc3 g6 26. Nc2 Bg7 27. Bb4 Qc7 28.
Qa3 Bf8 29. Ba5 Qa7 30. Nfd4 Rxb1 31. Rxb1 Rb8 32. Rxb8 Qxb8 33. Nb4 Nd7 34.
Nbc6 Qb7 35. Nd8 Qa8 36. N4c6 Nc5 37. Bc2 Nf6 38. Qf3 Ncd7 39. Bc3 Bg7 40. Qf4
Bb7 41. Qxd6 Bxc6 42. Nxc6 Qb7 43. Qe7 Bf8 44. Qxf7+ 1-0

[Event "II Open FIDE"]
[Site "Forli' ITA"]
[Date "1989.06.17"]
[Round "1"]
[White "Tringov, Georgi Petrov"]
[Black "Laco, Giuseppe"]
[WhiteElo "2425"]
[BlackElo "2265"]
[Result "1-0"]
[PlyCount "49"]
[EventDate "1989.06.17"]

1. e4 c5 2. Nf3 e6 3. d4 cxd4 4. Nxd4 Nf6 5. Nc3 a6 6. e5 Ng8 7. Bf4 d6 8. exd6
Bxd6 9. Nxe6 Bxe6 10. Qxd6 Qxd6 11. Bxd6 f5 12. O-O-O Nf6 13. Be2 Nbd7 14. Rhe1
Kf7 15. Bf3 Ra7 16. Nd5 Rc8 17. Nc7 Bxa2 18. Re7+ Kg6 19. b3 Bxb3 20. cxb3 a5
21. Kb2 a4 22. Ne6 a3+ 23. Bxa3 Rca8 24. Rxg7+ Kh6 25. Bd6 1-0

[Event "II Open FIDE"]
[Site "Forli' ITA"]
[Date "1989.06.17"]
[Round "1"]
[White "Votruba, Pavel"]
[Black "Beulen, Marcel"]
[WhiteElo "2355"]
[BlackElo "2225"]
[Result "1/2-1/2"]
[PlyCount "60"]
[EventDate "1989.06.17"]

1. Nf3 Nf6 2. c4 c6 3. e3 d5 4. d4 Bf5 5. Nc3 e6 6. Bd3 Bxd3 7. Qxd3 Nbd7 8.
O-O Be7 9. e4 dxe4 10. Nxe4 O-O 11. Rd1 Qb6 12. Nc3 Rad8 13. Qe2 Rfe8 14. Bf4
a6 15. Ne5 Nxe5 16. dxe5 Nd7 17. Ne4 Qc7 18. Nd6 Bxd6 19. Rxd6 Nf8 20. c5 Rxd6
21. cxd6 Qa5 22. a3 Nd7 23. Rd1 Qb5 24. Qxb5 axb5 25. Bg3 f6 26. f4 Kf7 27. Kf2
Ra8 28. Ke3 Ra4 29. Be1 h6 30. Bc3 Ra8 1/2-1/2

[Event "II Open FIDE"]
[Site "Forli' ITA"]
[Date "1989.06.18"]
[Round "2"]
[White "Beulen, Marcel"]
[Black "Sapi, Laszlo"]
[WhiteElo "2225"]
[BlackElo "2340"]
[Result "1/2-1/2"]
[PlyCount "50"]
[EventDate "1989.06.17"]

1. e4 c5 2. Nf3 d6 3. d4 cxd4 4. Nxd4 Nf6 5. Nc3 g6 6. Be3 Bg7 7. f3 Nc6 8. Bc4
O-O 9. Qd2 Bd7 10. h4 h5 11. O-O-O Ne5 12. Bb3 Rc8 13. Bh6 Bxh6 14. Qxh6 Rxc3
15. bxc3 Qa5 16. Kb1 Rc8 17. Ne2 Bb5 18. Rhe1 Bxe2 19. Rxe2 Nc4 20. Rd4 b5 21.
Rd3 Nd7 22. Qc1 Nde5 23. Bxc4 Nxc4 24. Ka1 Ne5 25. Rde3 Nc4 1/2-1/2

[Event "II Open FIDE"]
[Site "Forli' ITA"]
[Date "1989.06.18"]
[Round "2"]
[White "Delchev, Aleksander"]
[Black "Martorelli, Antonio"]
[WhiteElo "2410"]
[BlackElo "2250"]
[Result "1-0"]
[PlyCount "109"]
[EventDate "1989.06.17"]

1. d4 Nf6 2. Nf3 d6 3. Bg5 Nbd7 4. c4 h6 5. Bh4 g5 6. Bg3 Ne4 7. Nbd2 Ndf6 8.
e3 h5 9. Nxe4 Nxe4 10. Bd3 h4 11. Bxh4 gxh4 12. Bxe4 h3 13. g3 c6 14. Nd2 e5
15. dxe5 dxe5 16. Qf3 Rh6 17. O-O-O Qg5 18. Qe2 f5 19. Bc2 Bg7 20. e4 fxe4 21.
Bxe4 Bg4 22. f3 Be6 23. Kb1 Qe7 24. Bc2 b5 25. cxb5 Rb8 26. Ne4 Kf8 27. Qd3
Rxb5 28. Qd8+ Qxd8 29. Rxd8+ Ke7 30. Ra8 Ra5 31. a3 c5 32. Rd1 Bd7 33. Rg8 Bh8
34. Nc3 Be6 35. Rb8 e4 36. Rb7+ Ke8 37. Nxe4 Be5 38. f4 Bd4 39. Ng5 Bd5 40.
Rb8+ Kd7 41. Be4 Kc7 42. Re8 Rb6 43. Rd2 Kd7 44. Re5 Bxe5 45. fxe5 Rxa3 46. e6+
Ke7 47. Bxd5 Re3 48. Nxh3 Rb4 49. Nf4 Rd4 50. Kc2 a5 51. Rxd4 cxd4 52. Kd2 Kd6
53. Bc4 a4 54. Bd3 Ke7 55. Nd5+ 1-0

[Event "II Open FIDE"]
[Site "Forli' ITA"]
[Date "1989.06.18"]
[Round "2"]
[White "Den Boer, Ber"]
[Black "Valenti, Giuseppe"]
[WhiteElo "2290"]
[BlackElo "2255"]
[Result "1-0"]
[PlyCount "83"]
[EventDate "1989.06.17"]

1. d4 e6 2. c4 c5 3. d5 Nf6 4. Nf3 exd5 5. cxd5 d6 6. Nc3 g6 7. Nd2 Bg7 8. e4
O-O 9. Be2 Re8 10. O-O Na6 11. f3 Nc7 12. a4 b6 13. Nc4 Ba6 14. Bg5 Qd7 15. Rb1
h6 16. Be3 Rab8 17. Qd2 Kh7 18. b4 Qe7 19. b5 Bb7 20. Bf4 Rbd8 21. Rfe1 Nh5 22.
Be3 Qf6 23. Rb3 g5 24. Bd3 Kg8 25. e5 Qe7 26. exd6 Rxd6 27. Bf2 Qd8 28. Nxd6
Qxd6 29. Rxe8+ Nxe8 30. Bc4 Bxc3 31. Rxc3 Nef6 32. h4 Nf4 33. hxg5 hxg5 34. g3
Nh3+ 35. Kf1 Bc8 36. Re3 Bd7 37. Qc3 Nxd5 38. Bxd5 Qxd5 39. Qd3 Qa2 40. Re2
Qa1+ 41. Kg2 Nxf2 42. Qxd7 1-0

[Event "II Open FIDE"]
[Site "Forli' ITA"]
[Date "1989.06.18"]
[Round "2"]
[White "Forintos, Gyozo Victor"]
[Black "Kosten, Anthony C."]
[WhiteElo "2390"]
[BlackElo "2505"]
[Result "1/2-1/2"]
[PlyCount "28"]
[EventDate "1989.06.17"]

1. d4 Nf6 2. c4 e6 3. Nc3 Bb4 4. Qc2 O-O 5. Bg5 d6 6. e3 e5 7. Nge2 Re8 8.
O-O-O Bxc3 9. Nxc3 Nbd7 10. dxe5 Rxe5 11. Bf4 Re8 12. Be2 Nc5 13. h3 a5 14. Bf3
Be6 1/2-1/2

[Event "II Open FIDE"]
[Site "Forli' ITA"]
[Date "1989.06.18"]
[Round "2"]
[White "Garcia Palermo, Carlos Horacio"]
[Black "Nikolic, Stanimir"]
[WhiteElo "2470"]
[BlackElo "2320"]
[Result "0-1"]
[PlyCount "68"]
[EventDate "1989.06.17"]

1. d4 Nf6 2. c4 e6 3. Nc3 Bb4 4. Qc2 d5 5. a3 Be7 6. cxd5 exd5 7. Bg5 c6 8. e3
Nbd7 9. Bd3 O-O 10. Nf3 Re8 11. O-O h6 12. Bf4 Nf8 13. h3 Bd6 14. Ne5 Qe7 15.
b4 a5 16. b5 c5 17. b6 c4 18. Be2 Bxa3 19. Nb5 Bb4 20. Nc7 Be6 21. e4 Rac8 22.
Nxe8 Qxe8 23. exd5 Nxd5 24. Bg3 Nxb6 25. Bf3 Nd5 26. Rfc1 b5 27. Qe2 Qd8 28.
Kh1 Nh7 29. Nxc4 Nc3 30. Rxc3 Bxc3 31. d5 Bd7 32. Rc1 Rxc4 33. Qd3 Qc8 34. d6
Nf6 0-1

[Event "II Open FIDE"]
[Site "Forli' ITA"]
[Date "1989.06.18"]
[Round "2"]
[White "Laco, Giuseppe"]
[Black "Pozzi, Enrico"]
[WhiteElo "2265"]
[BlackElo "2295"]
[Result "1-0"]
[PlyCount "185"]
[EventDate "1989.06.17"]

1. c4 Nf6 2. b4 g6 3. Bb2 Bg7 4. e4 d6 5. Qc2 e5 6. Ne2 a5 7. b5 O-O 8. f3 Re8
9. Nbc3 c6 10. d4 Nbd7 11. O-O-O Qc7 12. Ba3 Bf8 13. d5 cxd5 14. cxd5 Nb6 15.
Ng3 Bd7 16. Kb2 Rec8 17. Rc1 Bh6 18. Bd3 Bxc1+ 19. Rxc1 Ne8 20. Qb3 a4 21. Qb4
Nc4+ 22. Bxc4 Qxc4 23. Nge2 Qd3 24. Rd1 Qe3 25. Ka1 Rc5 26. Qb2 Rc4 27. Qd2
Qxd2 28. Rxd2 b6 29. Rb2 Kf8 30. Nd1 Rac8 31. Ne3 Rc3 32. Nxc3 Rxc3 33. Nc2 Ke7
34. Kb1 Nc7 35. Bb4 Rd3 36. Na3 Rd1+ 37. Kc2 Rh1 38. h3 Rg1 39. Kc3 f5 40. Kc4
Be8 41. Bc3 fxe4 42. fxe4 g5 43. Kb4 Bg6 44. Re2 Bh5 45. g4 Be8 46. Kxa4 Rh1
47. Bd2 h6 48. Re3 Rh2 49. Bb4 Rxa2 50. Kb3 Ra1 51. Kb2 Rf1 52. Nc4 Nxb5 53.
Nxe5 Rf2+ 54. Kb1 Kd8 55. Nc4 Kc7 56. Nd2 Bg6 57. Kb2 Rf4 58. Kb3 Kd7 59. Kc4
Nc7 60. Bc3 b5+ 61. Kd4 Ne8 62. Rf3 Rxf3 63. Nxf3 Nf6 64. e5 Ne4 65. Be1 Bh7
66. exd6 Nxd6 67. Ne5+ Ke7 68. Bb4 Bg8 69. Kc5 Ne4+ 70. Kxb5+ Ke8 71. d6 Be6
72. Kc6 Nf2 73. d7+ Bxd7+ 74. Nxd7 Nxh3 75. Kd6 Nf4 76. Bd2 Kf7 77. Ne5+ Kf6
78. Bxf4 gxf4 79. Nf3 h5 80. g5+ Kf5 81. Ke7 h4 82. Kf7 Kg4 83. g6 Kxf3 84. g7
h3 85. g8=Q Kf2 86. Qh7 Kg2 87. Qc2+ Kg3 88. Qe2 f3 89. Qf1 f2 90. Kf6 Kf3 91.
Ke5 Ke3 92. Kd5 h2 93. Kc4 1-0

[Event "II Open FIDE"]
[Site "Forli' ITA"]
[Date "1989.06.18"]
[Round "2"]
[White "Meduna, Eduard"]
[Black "Pavlovic, Milos"]
[WhiteElo "2485"]
[BlackElo "2375"]
[Result "1/2-1/2"]
[PlyCount "28"]
[EventDate "1989.06.17"]

1. d4 Nf6 2. c4 e6 3. Nf3 b6 4. Bf4 Bb4+ 5. Nfd2 O-O 6. e3 Bb7 7. a3 Bd6 8.
Bxd6 cxd6 9. Nc3 d5 10. cxd5 Nxd5 11. Nxd5 Bxd5 12. Qh5 f5 13. Qh3 Nc6 14. Be2
Qg5 1/2-1/2

[Event "II Open FIDE"]
[Site "Forli' ITA"]
[Date "1989.06.18"]
[Round "2"]
[White "Pastorini, Mario"]
[Black "De Eccher, Stefano"]
[WhiteElo "2305"]
[BlackElo "2270"]
[Result "1/2-1/2"]
[PlyCount "83"]
[EventDate "1989.06.17"]

1. c4 e5 2. Nc3 Nf6 3. Nf3 Nc6 4. e4 Bc5 5. Nxe5 Nxe5 6. d4 Bb4 7. dxe5 Nxe4 8.
Qd4 f5 9. exf6 Nxf6 10. Bd3 Qe7+ 11. Be3 b6 12. O-O-O Bc5 13. Qh4 Bxe3+ 14.
fxe3 Bb7 15. Bg6+ Kd8 16. Bf5 Bc6 17. Rd3 Kc8 18. Rhd1 Kb7 19. g3 d6 20. Nd5
Qe5 21. Bh3 Raf8 22. Bg2 g5 23. Qd4 Nd7 24. R3d2 h5 25. b4 Rh6 26. b5 Bxd5 27.
Bxd5+ Kc8 28. Bc6 Re6 29. Bxd7+ Kxd7 30. Qxe5 Rxe5 31. Rd5 Rfe8 32. Kc2 Ke6 33.
Rxe5+ Kxe5 34. Rf1 Ke4 35. Kd2 Re5 36. h4 Rc5 37. hxg5 Rxg5 38. Rf4+ Ke5 39.
Rh4 Ke6 40. Ke2 d5 41. cxd5+ Kxd5 42. Kf3 1/2-1/2

[Event "II Open FIDE"]
[Site "Forli' ITA"]
[Date "1989.06.18"]
[Round "2"]
[White "Polaczek, Richard"]
[Black "Michalet, Guy"]
[WhiteElo "2375"]
[BlackElo "2215"]
[Result "1-0"]
[PlyCount "141"]
[EventDate "1989.06.17"]

1. d4 Nf6 2. c4 e6 3. Nf3 b6 4. g3 Ba6 5. b3 Bb4+ 6. Bd2 Be7 7. Bg2 c6 8. O-O
d5 9. Qc2 O-O 10. Ne5 Nfd7 11. Nd3 Bb7 12. Bc3 Na6 13. Nd2 Rc8 14. Qb2 Rc7 15.
e4 Qa8 16. Rae1 Re8 17. b4 Nf6 18. e5 Nd7 19. c5 bxc5 20. bxc5 Rcc8 21. f4 Nc7
22. f5 Ba6 23. Qc2 Bxd3 24. Qxd3 Rf8 25. Bh3 a5 26. Re2 Rce8 27. Ref2 Bd8 28.
Rf4 f6 29. Nf3 fxe5 30. Nxe5 Nxe5 31. dxe5 Be7 32. Bd4 exf5 33. Bxf5 h6 34. Bd7
Rxf4 35. Rxf4 Rf8 36. Qg6 Rxf4 37. gxf4 Qf8 38. e6 Nb5 39. Be5 Bxc5+ 40. Kg2
Nd6 41. Bxc6 Nf5 42. Kh1 Ne7 43. Qe8 Qxe8 44. Bxe8 Kf8 45. Bd7 Ng6 46. Bc7 Ke7
47. f5 Nh4 48. Bxa5 Nxf5 49. a4 g5 50. Bd2 Nh4 51. a5 Nf3 52. Bc1 Ne5 53. Bc8
Kd8 54. Bb7 d4 55. a6 Kc7 56. Be4 Kb6 57. Bb2 Nc4 58. Ba1 Kxa6 59. Bd3 Kb5 60.
Bxd4 Be7 61. Kg2 Kb4 62. Kf3 Nd6 63. Kg4 Nb5 64. Bxb5 Kxb5 65. Kf5 Kc6 66. Kg6
Kd5 67. Kf7 Bd6 68. Bf6 g4 69. e7 Bxe7 70. Bxe7 Ke4 71. Kg6 1-0

[Event "II Open FIDE"]
[Site "Forli' ITA"]
[Date "1989.06.18"]
[Round "2"]
[White "Raiano, Andrea"]
[Black "Bartsch, Berthold"]
[WhiteElo "2240"]
[BlackElo "2275"]
[Result "0-1"]
[PlyCount "96"]
[EventDate "1989.06.17"]

1. e4 c5 2. Nf3 Nf6 3. e5 Nd5 4. c3 g6 5. d4 cxd4 6. Qxd4 Nc7 7. Qh4 h6 8. Bc4
Bg7 9. O-O Nc6 10. Re1 Ne6 11. Na3 a6 12. Bd5 Qc7 13. Bxc6 dxc6 14. Nc2 b6 15.
Nb4 a5 16. Nd3 c5 17. Nf4 Qc6 18. Nxe6 Bxe6 19. c4 g5 20. Qe4 Qxe4 21. Rxe4
O-O-O 22. Re1 Bxc4 23. b3 Bd5 24. Nd2 Be6 25. Nf1 Rd3 26. Bb2 Rhd8 27. Ne3 Kc7
28. Re2 a4 29. bxa4 Ra8 30. a3 Rxa4 31. f3 Ra8 32. Rc1 Rad8 33. Bc3 Kc6 34. Kf2
Ra8 35. Bb2 Rb3 36. g3 Rxb2 37. Rxb2 Bxe5 38. Rb4 Rxa3 39. f4 gxf4 40. gxf4 Bf6
41. f5 Bc8 42. Rxb6+ Kxb6 43. Nc4+ Kc6 44. Nxa3 Bxf5 45. Nc4 Bd4+ 46. Kf3 e5
47. Ne3 Bg6 48. Rg1 Bh5+ 0-1

[Event "II Open FIDE"]
[Site "Forli' ITA"]
[Date "1989.06.18"]
[Round "2"]
[White "Santolini, Luigi"]
[Black "Tringov, Georgi Petrov"]
[WhiteElo "2235"]
[BlackElo "2425"]
[Result "0-1"]
[PlyCount "78"]
[EventDate "1989.06.17"]

1. d4 Nf6 2. Nf3 g6 3. c4 Bg7 4. Nc3 O-O 5. e4 d6 6. Be2 e5 7. d5 a5 8. Bg5 h6
9. Bh4 Qe8 10. Nd2 Nh7 11. O-O Na6 12. a3 Bd7 13. b3 f5 14. exf5 gxf5 15. Bh5
Qb8 16. Be7 Re8 17. Bxe8 Qxe8 18. Bh4 e4 19. Rc1 Nc5 20. f4 Nd3 21. Rc2 Bd4+
22. Kh1 Qg6 23. Qe2 Kh8 24. Nd1 Rg8 25. g3 Qg7 26. Ne3 Bc5 27. Nb1 Qd4 28. Nd1
Nxf4 29. Qd2 Qxd2 30. Rxd2 Ng6 31. b4 axb4 32. axb4 Bxb4 33. Rb2 Bc5 34. Rxb7
f4 35. Rb2 Bh3 36. Re1 Nxh4 37. gxh4 Nf6 38. Nbc3 e3 39. Nb5 Ne4 0-1

[Event "II Open FIDE"]
[Site "Forli' ITA"]
[Date "1989.06.18"]
[Round "2"]
[White "Vaisser, Anatoly V."]
[Black "Caposciutti, Maurizio"]
[WhiteElo "2525"]
[BlackElo "2265"]
[Result "1/2-1/2"]
[PlyCount "41"]
[EventDate "1989.06.17"]

1. d4 d5 2. c4 dxc4 3. Nf3 c5 4. d5 Nf6 5. Nc3 e6 6. e4 exd5 7. e5 Nfd7 8. Bg5
f6 9. exf6 gxf6 10. Qxd5 Qe7+ 11. Be3 Nb6 12. Qh5+ Qf7 13. Qh4 Nc6 14. Be2 Be6
15. Rd1 Be7 16. Nb5 O-O 17. Nc7 Rad8 18. Bh6 Rxd1+ 19. Bxd1 Rc8 20. Bc2 Nb4 21.
O-O 1/2-1/2

[Event "II Open FIDE"]
[Site "Forli' ITA"]
[Date "1989.06.18"]
[Round "2"]
[White "Vezzosi, Paolo"]
[Black "Djuric, Stefan"]
[WhiteElo "2340"]
[BlackElo "2475"]
[Result "0-1"]
[PlyCount "100"]
[EventDate "1989.06.17"]

1. d4 Nf6 2. Nf3 d5 3. c4 g6 4. cxd5 Nxd5 5. e4 Nb6 6. h3 Bg7 7. Nc3 O-O 8. Be2
c5 9. Be3 cxd4 10. Bxd4 Nc6 11. Bxg7 Kxg7 12. O-O Be6 13. Bb5 Na5 14. b4 Nac4
15. Nd4 Bc8 16. Rc1 e5 17. Nb3 Qg5 18. Bxc4 Nxc4 19. Nd5 b5 20. Rc3 Be6 21. Nc7
Rad8 22. Qc1 Qe7 23. Nxe6+ Qxe6 24. a4 Qe8 25. axb5 Nd6 26. Qa1 Qxb5 27. Rc5
Qxb4 28. Rxe5 f6 29. Nc5 fxe5 30. Qxe5+ Kg8 31. Ne6 Rd7 32. Nxf8 Nf7 33. Qe6
Re7 34. Qc8 Nd6 35. Qa8 Qxe4 36. Qb8 Ne8 37. Nxg6 hxg6 38. Ra1 Qd4 39. Ra6 Re1+
40. Kh2 Qxf2 41. Rxg6+ Kf7 42. Rg4 Qg1+ 43. Kg3 Re3+ 44. Kh4 Qf2+ 45. g3 Qf6+
46. Rg5 Qh6+ 47. Rh5 Qf6+ 48. Rg5 Re4+ 49. g4 Ng7 50. Qxa7+ Re7 0-1

[Event "II Open FIDE"]
[Site "Forli' ITA"]
[Date "1989.06.18"]
[Round "2"]
[White "Yermolinsky, Alex"]
[Black "Marinelli, Tullio"]
[WhiteElo "2480"]
[BlackElo "2260"]
[Result "1-0"]
[PlyCount "81"]
[EventDate "1989.06.17"]

1. d4 Nf6 2. Nf3 e6 3. Bg5 c5 4. e3 b6 5. d5 h6 6. Bxf6 Qxf6 7. Nc3 Be7 8. e4
O-O 9. e5 Qg6 10. Bd3 f5 11. exf6 Qxf6 12. Be4 Bd8 13. dxe6 Nc6 14. O-O Kh8 15.
exd7 Bb7 16. Re1 Rb8 17. Qd2 Nd4 18. Rad1 Nxf3+ 19. Bxf3 Bxf3 20. gxf3 Bc7 21.
Ne4 Qxf3 22. Qe3 Qf5 23. Qd2 Rbd8 24. Ng3 Qf6 25. Re2 Qxb2 26. Qd5 Qf6 27. a4
Rf7 28. Qb7 Qf4 29. Qc6 Be5 30. Kg2 Kh7 31. Rd3 Bd4 32. c3 Bxf2 33. Re4 Qg5 34.
Re8 h5 35. Rxd8 Qxd8 36. Qc8 Rf8 37. Qxd8 Rxd8 38. Kxf2 c4 39. Rd6 g6 40. Ne4
Kg7 41. Ng5 1-0

[Event "II Open FIDE"]
[Site "Forli' ITA"]
[Date "1989.06.19"]
[Round "3"]
[White "Caposciutti, Maurizio"]
[Black "Delchev, Aleksander"]
[WhiteElo "2265"]
[BlackElo "2410"]
[Result "1/2-1/2"]
[PlyCount "76"]
[EventDate "1989.06.17"]

1. e4 c6 2. c4 e5 3. d4 d6 4. Nf3 Qc7 5. Nc3 Bg4 6. Be3 Nf6 7. h3 Bh5 8. g4 Bg6
9. Bd3 Nbd7 10. Qc2 Be7 11. O-O-O Nf8 12. Nh4 Ne6 13. d5 Nf4 14. Bxf4 exf4 15.
Ng2 f3 16. Ne1 h5 17. Nxf3 hxg4 18. hxg4 O-O-O 19. dxc6 bxc6 20. Rxh8 Rxh8 21.
e5 Bxd3 22. Qxd3 dxe5 23. Qf5+ Kb8 24. g5 Ne8 25. Rd7 Nd6 26. Qg4 Qc8 27. Nxe5
Re8 28. Qd4 Nb7 29. f4 f6 30. gxf6 gxf6 31. Ng6 Bb4 32. Ne4 f5 33. Nf6 Re6 34.
Rg7 Nc5 35. Rg8 Re1+ 36. Kc2 Re2+ 37. Kc1 Re1+ 38. Kc2 Re2+ 1/2-1/2